000 00197nam a22000977a 4500
041 _aENG
245 _aReferences On Hydraulic
260 _aDelhi
_bRam
_c1996
650 _aIDE
856 _uIDE ( 18 )
999 _c1514
_d1514